The Polis as an Urban Centre and as a Political Community symposium August, 29-31 1996 : acts of the Copenhagen Polis Centre Vol. 4.

Bibliographic Details
Other Authors: Hansen, Mogens Herman (upr)
Format: Book
Language:English
PhysicalDescription:547 s. 23 cm
Published: Copenhagen Kongelige Danske Videnskabernes Selskab 1997
ISBN:8773042919
ISSN:0106-0481
Series:Historisk-filosofiske Meddelelser
Subjects:

MARC

LEADER 00000nam a2200000 a 4500
001 vtls001361157
003 SK-MaSNL
005 20260301010658.0
008 251113s1997 DK ab r 0 eng
020 |a 8773042919  |c [3437,00] 
035 |a SNK000314730 
040 |a SNK  |b slo  |c SNK  |e AACR2 
044 |a DK 
080 |a 39:008  |2 1981 
080 |a 316.32  |2 1981 
080 |a 321.1  |2 1981 
080 |a 316.35  |2 1981 
080 |a 008  |2 1981 
245 1 4 |a The Polis as an Urban Centre and as a Political Community  |b symposium August, 29-31 1996 : acts of the Copenhagen Polis Centre  |n Vol. 4.  |c edited by Mogens Herman Hansen 
260 |a Copenhagen  |b Kongelige Danske Videnskabernes Selskab  |c 1997 
300 |a 547 s.  |c 23 cm 
490 1 |a Historisk-filosofiske Meddelelser  |x 0106-0481  |v 75 
500 |a Čiast. text nem. a franc. 
650 0 7 |a polis(štát mestský)  |x centrum spoločensko-politické  |x dejiny  |x štúdie  |2 SNK  |9 292871 
700 1 |a Hansen, Mogens Herman  |4 upr  |9 292872 
830 0 |a Historisk-filosofiske Meddelelser  |9 286323 
919 |a 87-7304-291-9 
999 |c 548809  |d 550739 
952 |t P60, <04>, [BOOK], {604}  |a SNK  |b SNK  |y VYP  |7 0  |p 17A0189719  |o snkIC 127750  |i snkV 371/99  |0 0  |1 0  |4 0  |d 1999-04-23  |l 0  |r 2005-01-02 00:00:00  |w 2026-02-23